LEADER 01379oam 2200445zu 450 001 9910142432303321 005 20210806235957.0 010 $a0-470-17278-9 010 $a1-60119-297-5 035 $a(CKB)1000000000326997 035 $a(SSID)ssj0000072082 035 $a(PQKBManifestationID)11107339 035 $a(PQKBTitleCode)TC0000072082 035 $a(PQKBWorkID)10094584 035 $a(PQKB)11471734 035 $a(EXLCZ)991000000000326997 100 $a20160829d1991 uy 101 0 $aeng 181 $ctxt 182 $cc 183 $acr 200 10$aGround anchors and anchored structures 210 31$a[Place of publication not identified]$cWiley$d1991 300 $aBibliographic Level Mode of Issuance: Monograph 311 $a0-471-52520-0 606 $aAnchorage (Structural engineering) 606 $aCivil & Environmental Engineering$2HILCC 606 $aEngineering & Applied Sciences$2HILCC 606 $aCivil Engineering$2HILCC 615 0$aAnchorage (Structural engineering) 615 7$aCivil & Environmental Engineering 615 7$aEngineering & Applied Sciences 615 7$aCivil Engineering 676 $a624.1/5 700 $aXanthakos$b Petros P$0552816 801 0$bPQKB 906 $aBOOK 912 $a9910142432303321 996 $aGround anchors and anchored structures$91959141 997 $aUNINA LEADER 01847oam 2200565Ka 450 001 9910712943603321 005 20180920060354.4 024 8 $aGOVPUB-C13-96985edc22caa9ba7e9d0b744379bd9c 035 $a(CKB)5470000002498758 035 $a(OCoLC)726773884 035 $a(OCoLC)995470000002498758 035 $a(EXLCZ)995470000002498758 100 $a20110523d1959 ua 0 101 0 $aeng 135 $aurbn||||||abp 135 $aurbn||||||ada 181 $ctxt$2rdacontent 182 $cc$2rdamedia 183 $acr$2rdacarrier 200 10$aWind pressures in various areas of the United States /$fGuttorm N. Brekke 210 1$aWashington, D.C. :$cU.S. Dept. of Commerce, National Bureau of Standards :$cU.S. Govt. Print. Off.,$d1959. 215 $a1 online resource (8 pages) $cillustrations, map 225 1 $aBuilding materials and structures report ;$v152 300 $aContributed record: Metadata reviewed, not verified. Some fields updated by batch processes. 320 $aIncludes bibliographical references (page 8).$b11 606 $aWind-pressure$xMeasurement 606 $aWind-pressure 606 $aWinds$zUnited States 606 $aWind-pressure$xMeasurement$2fast 606 $aWind-pressure$2fast 606 $aWinds$2fast 607 $aUnited States$2fast 615 0$aWind-pressure$xMeasurement. 615 0$aWind-pressure. 615 0$aWinds 615 7$aWind-pressure$xMeasurement. 615 7$aWind-pressure. 615 7$aWinds. 676 $a551.518 700 $aBrekke$b Guttorm N$01391275 801 0$bOCLCE 801 1$bOCLCE 801 2$bOCLCQ 801 2$bOCLCO 801 2$bOCLCF 801 2$bOCLCQ 906 $aBOOK 912 $a9910712943603321 996 $aWind pressures in various areas of the United States$93444919 997 $aUNINA LEADER 01822nas 2200529-a 450 001 9910303534203321 005 20240111213018.0 011 $a2364-5288 035 $a(DE-599)ZDB2822082-1 035 $a(CKB)110978977740831 035 $a(CONSER)---84642239- 035 $a(EXLCZ)99110978977740831 100 $a19840323b19792008 --- b 101 0 $ager 181 $ctxt$2rdacontent 182 $cc$2rdamedia 183 $acr$2rdacarrier 200 00$aInternationale Schulbuchforschung $eZeitschrift des Georg-Eckert-Instituts für Internationale Schulbuchforschung 210 $aBraunschweig $cWestermann$d[1979-2008] 210 3 $aHannover $cHahnsche Buchhandlung 215 $a1 online resource 300 $aSome issues have also a theme title. 311 08$aPrint version: Internationale Schulbuchforschung : 0172-8237 (DLC) 84642239 (OCoLC)905096049 517 1 $aInternational textbook research 531 0 $aInt. Schulb.forsch. 606 $aTextbooks$vPeriodicals 606 $aManuels$vPériodiques 606 $aTextbooks$2fast$3(OCoLC)fst01148536 606 $aSchoolboeken$2gtt 606 $aHistory$xStudy and teaching$vPeriodicals$2nli 606 $aGeography$xStudy and teaching$vPeriodicals$2nli 608 $aCzasopismo pedagogiczne.$2dbn 608 $aPeriodicals.$2fast 608 $aPeriodicals.$2lcgft 615 0$aTextbooks 615 6$aManuels 615 7$aTextbooks. 615 17$aSchoolboeken. 615 7$aHistory$xStudy and teaching 615 7$aGeography$xStudy and teaching 676 $a371.3/2/05 712 02$aGeorg-Eckert-Institut fu?r Internationale Schulbuchforschung. 906 $aJOURNAL 912 $a9910303534203321 920 $aexl_impl conversion 996 $aInternationale Schulbuchforschung$92037308 997 $aUNINA